[Event "Titled Tue 17th Jun Late"]
[Site "chess.com INT"]
[Date "2025.06.17"]
[Round "11"]
[White "Vinolas Anglada, Laura"]
[Black "Borisov, Yuri"]
[Result "1-0"]
[WhiteTitle "WCM"]
[BlackTitle "FM"]
[WhiteElo "2059"]
[BlackElo "2285"]
[WhiteFideId "24517925"]
[BlackFideId "1503928"]
[EventDate "2025.06.17"]

1. e4 e6 2. d4 d5 3. Nc3 dxe4 4. Nxe4 Nd7 5. Nf3 Ngf6 6. Nxf6+ Nxf6 7. c3 Be7 8.
Be3 O-O 9. Bd3 b6 10. O-O Bb7 11. Ne5 c5 12. f4 cxd4 13. Bxd4 Bc5 14. Bxc5 bxc5
15. Bc4 Qb6 16. Qe2 Rad8 17. a4 a5 18. Rad1 Nd5 19. Qf2 f6 20. Nd3 Rc8 21. Rfe1
Kh8 22. Qe2 Rfe8 23. g3 Qc7 24. Bb5 Bc6 25. Nf2 h6 26. Qh5 Bxb5 27. axb5 c4 28.
Rxd5 exd5 29. Rxe8+ Rxe8 30. Qxe8+ Kh7 31. Qc6 Qe7 32. Qxd5 1-0

[Event "Titled Tue 17th Jun Late"]
[Site "chess.com INT"]
[Date "2025.06.17"]
[Round "11"]
[White "Wu, Derek"]
[Black "Romany, Joy"]
[Result "1-0"]
[WhiteTitle "FM"]
[BlackTitle "WIM"]
[WhiteElo "2232"]
[BlackElo "1960"]
[WhiteFideId "30914558"]
[BlackFideId "10656820"]
[EventDate "2025.06.17"]

1. e4 c5 2. Nf3 e6 3. d4 cxd4 4. Nxd4 Nc6 5. Nc3 Qc7 6. Be3 a6 7. Qd2 Nf6 8. f4
Bb4 9. Bd3 b5 10. a3 Ba5 11. b4 Bb6 12. Nxc6 dxc6 13. e5 Nd5 14. Bxb6 Qxb6 15.
Ne4 O-O 16. Nc5 a5 17. O-O axb4 18. axb4 Bb7 19. Kh1 Rxa1 20. Rxa1 Ra8 21. Rf1
Ra2 22. f5 exf5 23. Bxf5 Qc7 24. e6 Qe5 25. exf7+ Kf8 26. Nd7+ 1-0

[Event "Titled Tue 17th Jun Late"]
[Site "chess.com INT"]
[Date "2025.06.17"]
[Round "11"]
[White "El Jawich, Amro"]
[Black "Winkels, Marcel"]
[Result "0-1"]
[WhiteTitle "FM"]
[BlackTitle "CM"]
[WhiteElo "2307"]
[BlackElo "1905"]
[WhiteFideId "5300380"]
[BlackFideId "1003887"]
[EventDate "2025.06.17"]

1. g3 e5 2. Bg2 d6 3. d3 f5 4. c4 Nf6 5. Nc3 Be7 6. e3 O-O 7. Nge2 c6 8. b3 Qe8
9. Bb2 Qh5 10. Qd2 a5 11. f4 Na6 12. Na4 e4 13. Nb6 Rb8 14. Nxc8 Rbxc8 15. dxe4
fxe4 16. Qxa5 Nc5 17. Nc1 Ng4 18. Qd2 Rcd8 19. h3 Nf6 20. Bf1 d5 21. Be2 Qg6 22.
cxd5 Qxg3+ 23. Kd1 Rxd5 24. Bc4 Rd8 25. Kc2 Qf3 26. Rd1 Kh8 27. Bxd5 Rxd5 28.
Bd4 Ne6 29. Qe2 Qxh3 30. Bxf6 Bxf6 31. Rxd5 cxd5 32. Rb1 d4 33. exd4 Nxd4+ 0-1

[Event "Titled Tue 17th Jun Late"]
[Site "chess.com INT"]
[Date "2025.06.17"]
[Round "11"]
[White "Maghsoodloo, Parham"]
[Black "Kramnik, Vladimir"]
[Result "0-1"]
[WhiteTitle "GM"]
[BlackTitle "GM"]
[WhiteElo "2691"]
[BlackElo "2753"]
[WhiteFideId "12539929"]
[BlackFideId "4101588"]
[EventDate "2025.06.17"]

1. e4 c5 2. Nc3 e6 3. Nge2 d6 4. d4 cxd4 5. Nxd4 a6 6. g4 b5 7. g5 Bb7 8. a3 Ne7
9. h4 Nec6 10. h5 Nxd4 11. Qxd4 Nc6 12. Qd1 Be7 13. Rg1 Rc8 14. f4 h6 15. g6
Bh4+ 16. Ke2 O-O 17. gxf7+ Rxf7 18. Bh3 Qe7 19. Be3 Rcf8 20. Qd2 d5 21. Rg6 d4
22. Bxd4 Rd8 23. Nd5 exd5 24. e5 Nxd4+ 25. Qxd4 Bc8 26. Bxc8 Rxc8 27. Rag1 Rxc2+
28. Kf3 Rf2+ 29. Ke3 R2xf4 30. Qxd5 Bf2+ 31. Ke2 Bxg1 32. Re6 Qf8 0-1

[Event "Titled Tue 17th Jun Late"]
[Site "chess.com INT"]
[Date "2025.06.17"]
[Round "11"]
[White "Gimeno Martos, Roberto"]
[Black "Fomevor, Cephas Clinton"]
[Result "1-0"]
[WhiteTitle "CM"]
[BlackTitle "CM"]
[WhiteElo "2090"]
[BlackElo "1883"]
[WhiteFideId "2226804"]
[BlackFideId "12601330"]
[EventDate "2025.06.17"]

1. e4 c5 2. Nc3 Nc6 3. g3 g6 4. Bg2 Bg7 5. d3 d6 6. Be3 e5 7. Qd2 Nd4 8. Nd1 h5
9. c3 Ne6 10. h3 Rb8 11. Ne2 b5 12. d4 cxd4 13. cxd4 Nf6 14. O-O O-O 15. d5 Nc5
16. Bxc5 dxc5 17. Rc1 c4 18. f4 exf4 19. gxf4 Nxe4 20. Bxe4 Bxh3 21. Bg2 Bf5 22.
b3 cxb3 23. axb3 Rc8 24. Ne3 Qb6 25. Kh2 Bd7 26. Rxc8 Rxc8 27. Rc1 Re8 28. Nf1
Qf2 29. Neg3 h4 30. Qxf2 1-0

[Event "Titled Tue 17th Jun Late"]
[Site "chess.com INT"]
[Date "2025.06.17"]
[Round "11"]
[White "Amirkul, Alimzhan"]
[Black "Calvo Gonzalez, Jose Felix"]
[Result "1-0"]
[WhiteTitle "FM"]
[BlackTitle "CM"]
[WhiteElo "2357"]
[BlackElo "2168"]
[WhiteFideId "13718428"]
[BlackFideId "54505615"]
[EventDate "2025.06.17"]

1. e4 c5 2. d4 cxd4 3. Qxd4 Nc6 4. Qd3 Nf6 5. Nc3 e6 6. Bf4 Bb4 7. Ne2 d5 8.
O-O-O O-O 9. exd5 exd5 10. Nxd5 Be6 11. Nc7 Qc8 12. Nxa8 Bf5 13. Qc4 b5 14. Qxb5
Bxc2 15. Nc7 Bxd1 16. Qxc6 Rd8 17. Nc3 Bxc3 18. Qxc3 Ne4 19. Qe3 Qb7 20. Bd3
Qc6+ 21. Kb1 Nd2+ 22. Qxd2 Bg4 23. Bxh7+ 1-0

[Event "Titled Tue 17th Jun Late"]
[Site "chess.com INT"]
[Date "2025.06.17"]
[Round "11"]
[White "Gerbelli Neto, Eduardo"]
[Black "Gkavardinas, Antonios"]
[Result "0-1"]
[BlackTitle "FM"]
[WhiteElo "2114"]
[BlackElo "2278"]
[WhiteFideId "2103281"]
[BlackFideId "25883097"]
[EventDate "2025.06.17"]

1. e4 c6 2. d4 d5 3. exd5 cxd5 4. c4 Nf6 5. Nc3 Nc6 6. Nf3 a6 7. cxd5 Nxd5 8. h3
g6 9. Bc4 Nxc3 10. bxc3 Bg7 11. O-O O-O 12. Re1 b5 13. Bd3 Bb7 14. Be4 e6 15.
Bf4 Rc8 16. Qd2 Qd7 17. Rad1 Ne7 18. Ne5 Bxe5 19. Bxe5 Bxe4 20. Rxe4 Qc6 21. Rh4
Nf5 22. Rg4 f6 23. Bg3 Qxc3 24. Qe2 Qc4 25. Qd2 Rfd8 26. Bh4 Kf7 27. d5 Qxd5 28.
Qxd5 Rxd5 29. Re1 Rc4 30. Ree4 Rxe4 31. Rxe4 Rd4 32. Rxd4 Nxd4 33. Bg3 Ne2+ 34.
Kh2 Nxg3 35. Kxg3 e5 0-1

[Event "Titled Tue 17th Jun Late"]
[Site "chess.com INT"]
[Date "2025.06.17"]
[Round "11"]
[White "Klepek, Witold"]
[Black "Chen, Yidong"]
[Result "1-0"]
[WhiteTitle "CM"]
[WhiteElo "2253"]
[BlackElo "2074"]
[WhiteFideId "1175068"]
[BlackFideId "8607028"]
[EventDate "2025.06.17"]

1. c4 c5 2. Nf3 Nc6 3. d4 cxd4 4. Nxd4 Nf6 5. g3 g6 6. Bg2 Bg7 7. O-O O-O 8. Nc3
Nxd4 9. Qxd4 d6 10. b3 a6 11. Bb2 Be6 12. Qd2 Qc7 13. Rac1 Rac8 14. Rfd1 Rfd8
15. h3 h5 16. Kh2 Nd7 17. e4 Nc5 18. f4 Qa5 19. Qf2 Nd7 20. Rd2 Qc5 21. Qf1 Qa7
22. Rcc2 Bd4 23. Rxd4 Qxd4 24. Nd5 Qa7 25. Nxe7+ Kf8 26. Nxc8 Rxc8 27. f5 Bxc4
28. bxc4 g5 29. Qd1 Qc5 30. Qxh5 1-0

[Event "Titled Tue 17th Jun Late"]
[Site "chess.com INT"]
[Date "2025.06.17"]
[Round "11"]
[White "Uzuner, Tufan Can"]
[Black "Diaz Guerrero, Jesus Daniel"]
[Result "0-1"]
[WhiteTitle "CM"]
[BlackTitle "CM"]
[WhiteElo "1909"]
[BlackElo "2076"]
[WhiteFideId "6300499"]
[BlackFideId "3979288"]
[EventDate "2025.06.17"]

1. d4 d5 2. Nf3 Nf6 3. e3 e6 4. Bd3 c5 5. c3 Nc6 6. Nbd2 Bd6 7. O-O e5 8. dxc5
Bxc5 9. e4 d4 10. Nb3 Bb6 11. cxd4 exd4 12. Bg5 h6 13. Bh4 Bg4 14. h3 Bxf3 15.
Qxf3 Ne5 16. Bb5+ Kf8 17. Qf5 Qd6 18. Bxf6 Qxf6 19. Qxf6 gxf6 20. f4 Nc6 21.
Rad1 Rd8 22. a3 Kg7 23. Rd3 Rhe8 24. Re1 a6 25. Bc4 Ba7 26. Bd5 Ne7 27. Bxb7 Rb8
28. Na5 Bb6 29. Bxa6 Bxa5 30. Re2 Bb6 31. Bc4 Ng6 32. g3 Rec8 33. Kg2 Rxc4 0-1

[Event "Titled Tue 17th Jun Late"]
[Site "chess.com INT"]
[Date "2025.06.17"]
[Round "11"]
[White "Papacek, Stepan"]
[Black "Reinecke, Katharina"]
[Result "1-0"]
[WhiteTitle "FM"]
[BlackTitle "WCM"]
[WhiteElo "2225"]
[BlackElo "1921"]
[WhiteFideId "301035"]
[BlackFideId "12929727"]
[EventDate "2025.06.17"]

1. e4 c6 2. c4 d5 3. exd5 cxd5 4. cxd5 Nf6 5. Nc3 g6 6. d4 Bg7 7. Qb3 O-O 8. Be2
b6 9. Bf3 Bb7 10. Nge2 Na6 11. Bf4 Nc7 12. Bxc7 Qxc7 13. O-O Rfd8 14. Rac1 Qd7
15. Nf4 g5 16. Nd3 Nxd5 17. Ne5 Bxe5 18. dxe5 Nxc3 19. Rxc3 Bxf3 20. Rxf3 e6 21.
Rg3 Qe7 22. h4 h6 23. hxg5 hxg5 24. Qe3 Rd5 25. Rxg5+ Kf8 26. Qg3 Qb7 27. Qh4
Rad8 28. Qh8+ Ke7 29. Qf6+ Kf8 30. Rh5 Ke8 31. Rh8+ Kd7 32. Qxf7+ Kc6 33. Rc1+
Rc5 34. Rxc5+ bxc5 35. Qxb7+ Kxb7 36. Rxd8 1-0

[Event "Titled Tue 17th Jun Late"]
[Site "chess.com INT"]
[Date "2025.06.17"]
[Round "11"]
[White "Palczert, Matyas"]
[Black "Labussiere, Victor"]
[Result "1-0"]
[WhiteTitle "FM"]
[BlackTitle "FM"]
[WhiteElo "2396"]
[BlackElo "2312"]
[WhiteFideId "784958"]
[BlackFideId "2183129"]
[EventDate "2025.06.17"]

1. b3 d5 2. Bb2 Nf6 3. Nf3 Bf5 4. e3 e6 5. Be2 h6 6. O-O Be7 7. c4 c6 8. Nc3 O-O
9. d4 Nbd7 10. h3 a5 11. Rc1 Bd6 12. Bd3 Bxd3 13. Qxd3 Qe7 14. e4 dxc4 15. bxc4
e5 16. d5 Bb4 17. Na4 Rfd8 18. Rfd1 Nh5 19. g3 Qf6 20. c5 Qg6 21. Nh4 Qg5 22. a3
Nf4 23. Qf3 cxd5 24. axb4 axb4 25. Nb6 Nxb6 26. cxb6 dxe4 27. Qxe4 Nxh3+ 28. Kg2
Nxf2 29. Kxf2 Ra2 30. Rxd8+ Qxd8 31. Rc2 Qd6 32. Rc8+ 1-0

[Event "Titled Tue 17th Jun Late"]
[Site "chess.com INT"]
[Date "2025.06.17"]
[Round "11"]
[White "Sobek, Jaroslav"]
[Black "Terron Elena, Francisco M."]
[Result "0-1"]
[WhiteTitle "FM"]
[BlackTitle "FM"]
[WhiteElo "2195"]
[BlackElo "2148"]
[WhiteFideId "301388"]
[BlackFideId "2210576"]
[EventDate "2025.06.17"]

1. d4 d5 2. c4 dxc4 3. Nf3 Nf6 4. e3 Bg4 5. Bxc4 e6 6. Be2 Nbd7 7. h3 Bh5 8. O-O
Bd6 9. b3 O-O 10. Bb2 Re8 11. Nbd2 c6 12. Nc4 Bc7 13. a4 a5 14. Ba3 Ne4 15. Qc2
Bg6 16. Bd3 f5 17. Rad1 Ng5 18. Nfe5 Nxe5 19. dxe5 Qb8 20. Nd6 Nf7 21. Bc4 Nxe5
22. Be2 Rd8 23. Nc4 Nf7 24. Qc3 b5 25. axb5 cxb5 26. Nxa5 Bxa5 27. b4 Bc7 28.
Rxd8+ Qxd8 29. Bb2 Be5 30. Qb3 Bxb2 31. Qxb2 Rb8 0-1

[Event "Titled Tue 17th Jun Late"]
[Site "chess.com INT"]
[Date "2025.06.17"]
[Round "11"]
[White "Xiong, Jeffery"]
[Black "Salem, A.R. Saleh"]
[Result "0-1"]
[WhiteTitle "GM"]
[BlackTitle "GM"]
[WhiteElo "2639"]
[BlackElo "2627"]
[WhiteFideId "2047640"]
[BlackFideId "9301348"]
[EventDate "2025.06.17"]

1. e4 c5 2. Nf3 d6 3. Nc3 Nf6 4. d4 cxd4 5. Qxd4 Nc6 6. Qd3 g6 7. Nd5 Bg7 8. c3
O-O 9. Bg5 Nd7 10. Rd1 h6 11. Bh4 Nc5 12. Qc2 g5 13. Bg3 f5 14. Bc4 Kh8 15. exf5
Bxf5 16. Qe2 Ne4 17. Bd3 Nxg3 18. hxg3 e6 19. Bxf5 exd5 20. Qc2 Qf6 21. Bg4
Rae8+ 22. Kf1 Re4 23. Bh5 g4 24. Nh4 Ne7 25. f4 Rxf4+ 26. Kg1 Re4 27. Rxd5 Qf1+
28. Kh2 Qxh1+ 29. Kxh1 Rf1+ 30. Kh2 Ree1 0-1

[Event "Titled Tue 17th Jun Late"]
[Site "chess.com INT"]
[Date "2025.06.17"]
[Round "11"]
[White "Davtyan, Artur"]
[Black "Zuferi, Enis"]
[Result "1-0"]
[WhiteTitle "IM"]
[BlackTitle "FM"]
[WhiteElo "2472"]
[BlackElo "2339"]
[WhiteFideId "13308327"]
[BlackFideId "24692530"]
[EventDate "2025.06.17"]

1. c4 e5 2. Nc3 Nf6 3. g3 Bb4 4. Bg2 O-O 5. e4 Bxc3 6. bxc3 c6 7. Ne2 d5 8. cxd5
cxd5 9. exd5 Nxd5 10. O-O Nc6 11. d4 exd4 12. cxd4 Be6 13. Qd2 Qd7 14. Ba3 Rfd8
15. Rac1 h6 16. Rfe1 Rac8 17. h4 b6 18. Bf3 Na5 19. Rxc8 Rxc8 20. Rc1 Nc4 21.
Qd3 Qa4 22. Qb3 Qa6 23. Bxd5 Bxd5 24. Nf4 Bb7 25. Be7 Nd2 26. Rxc8+ Bxc8 27. Qd1
Qxa2 28. d5 Ne4 29. Qd4 Qb1+ 30. Kg2 a5 31. Ba3 b5 32. Bb2 f6 33. d6 Bd7 34. Nd5
a4 35. Ne7+ Kf7 36. Qd5+ Be6 37. Qh5+ Kf8 38. Qxb5 a3 39. Qb8+ Kf7 40. Qg8# 1-0

[Event "Titled Tue 17th Jun Late"]
[Site "chess.com INT"]
[Date "2025.06.17"]
[Round "11"]
[White "Harish, Neeraj"]
[Black "Stemmler, Fabian"]
[Result "1-0"]
[WhiteTitle "CM"]
[BlackTitle "CM"]
[WhiteElo "2192"]
[BlackElo "2190"]
[WhiteFideId "30958130"]
[BlackFideId "12964808"]
[EventDate "2025.06.17"]

1. c4 Nf6 2. g3 g6 3. Bg2 Bg7 4. Nf3 O-O 5. O-O d6 6. d4 c6 7. Nc3 Qa5 8. Qc2
Qh5 9. e4 Bh3 10. Ne2 Bxg2 11. Kxg2 e5 12. dxe5 dxe5 13. h3 Nbd7 14. g4 Nxg4 15.
Ng3 Ngf6 16. Nxh5 Nxh5 17. Be3 f5 18. exf5 Rxf5 19. Ng5 Nf4+ 20. Bxf4 exf4 21.
Nf3 Ne5 22. Nxe5 Bxe5 23. Kf3 Rh5 24. Rfe1 Rf8 25. Rxe5 Rxe5 26. Rd1 Rh5 27. Kg2
f3+ 28. Kh2 Rg5 29. Rg1 Re5 30. c5 Re2 31. Qc4+ Kg7 32. Qd4+ Kg8 33. Rg4 Rf5 34.
Qd8+ Kg7 35. Kg3 h5 36. Qd4+ Kh7 37. Rf4 Rxf4 38. Qxf4 Rxb2 39. Qxf3 Rb5 40.
Qf7+ Kh6 41. h4 b6 42. Qg8 1-0

[Event "Titled Tue 17th Jun Late"]
[Site "chess.com INT"]
[Date "2025.06.17"]
[Round "11"]
[White "Kjaergaard-Jensen, Jesper"]
[Black "Vila Dupla, Aurelio"]
[Result "1-0"]
[WhiteTitle "CM"]
[BlackTitle "FM"]
[WhiteElo "2081"]
[BlackElo "2056"]
[WhiteFideId "1406990"]
[BlackFideId "2203383"]
[EventDate "2025.06.17"]

1. d4 Nf6 2. Nf3 g6 3. c3 Bg7 4. Bg5 O-O 5. Bxf6 Bxf6 6. Nbd2 d5 7. e4 dxe4 8.
Nxe4 Bg7 9. h4 Nc6 10. h5 e5 11. hxg6 hxg6 12. d5 Ne7 13. Bc4 Nf5 14. d6 Nxd6
15. Nxd6 Qxd6 16. Qxd6 cxd6 17. O-O-O Bg4 18. Rxd6 Bxf3 19. gxf3 Rfd8 20. Rxg6
Kf8 21. Rg4 Rac8 22. Rh7 Rxc4 23. Rxc4 Kg8 24. Rh3 Kf8 25. Kc2 Bf6 26. Rc7 Rb8
27. Rh7 Bg7 28. Rh5 a6 29. Rf5 f6 30. Rh5 b5 31. Rh7 1-0

[Event "Titled Tue 17th Jun Late"]
[Site "chess.com INT"]
[Date "2025.06.17"]
[Round "11"]
[White "Deng, Henry"]
[Black "Moroni, Luca Jr"]
[Result "0-1"]
[WhiteTitle "FM"]
[BlackTitle "GM"]
[WhiteElo "2327"]
[BlackElo "2549"]
[WhiteFideId "30965454"]
[BlackFideId "865834"]
[EventDate "2025.06.17"]

1. e4 d5 2. exd5 c6 3. dxc6 Nxc6 4. Nf3 e5 5. Bb5 e4 6. Ne5 Qd5 7. Bxc6+ bxc6 8.
d4 exd3 9. Nxd3 Qxg2 10. Rf1 Bh3 11. Nd2 O-O-O 12. f4 Bb4 13. Rf2 Qe4+ 14. Qe2
Qh1+ 15. Rf1 Bxf1 16. Qxf1 Qxf1+ 17. Kxf1 Bxd2 18. Bxd2 Nf6 19. Bc3 Nd5 20. Bxg7
Rhg8 21. Bd4 Nxf4 22. Bxa7 Nxd3 23. cxd3 Rxd3 24. Rc1 Kb7 25. Bf2 Rd2 26. a4 Rg4
27. Ke1 Rxb2 28. Bg3 Rxa4 29. Kf1 f5 30. Kg1 f4 31. Bf2 f3 32. Bg3 Rg2+ 33. Kh1
Re2 34. Rf1 Ra3 35. Be1 Kc8 36. Kg1 Kd7 37. h3 Ke6 38. Bb4 Rb3 39. Bc5 Kf5 40.
Bd6 Kg5 41. Bg3 Rg2+ 42. Kh1 Rxg3 0-1

[Event "Titled Tue 17th Jun Late"]
[Site "chess.com INT"]
[Date "2025.06.17"]
[Round "11"]
[White "Suvradeepta, Das"]
[Black "Zhukovskyi, Oleksandr"]
[Result "1/2-1/2"]
[WhiteTitle "FM"]
[BlackTitle "CM"]
[WhiteElo "2230"]
[BlackElo "2145"]
[WhiteFideId "5058031"]
[BlackFideId "14169371"]
[EventDate "2025.06.17"]

1. Nf3 Nf6 2. e3 g6 3. d4 Bg7 4. c4 O-O 5. Nc3 d5 6. cxd5 Nxd5 7. Bc4 Nb6 8. Bb3
c5 9. O-O cxd4 10. Nxd4 Na6 11. Ndb5 Nc5 12. Bc2 a6 13. Nd4 Qc7 14. Nb3 Be6 15.
Nxc5 Qxc5 16. Na4 Nxa4 17. Bxa4 Rfd8 18. Qc2 Qxc2 19. Bxc2 Rac8 20. Be4 b5 21.
a4 Bc4 22. Re1 bxa4 23. Rxa4 Bb5 24. Ra1 f5 25. Bb7 Rc7 26. Bf3 Rc2 27. Bd1 Rc6
28. Bf3 Rc2 29. Bd1 Rc6 30. Bf3 Rc2 1/2-1/2

[Event "Titled Tue 17th Jun Late"]
[Site "chess.com INT"]
[Date "2025.06.17"]
[Round "11"]
[White "Bazan Romero, Octavio Aaron"]
[Black "Tao, Sihan"]
[Result "0-1"]
[WhiteTitle "FM"]
[BlackTitle "FM"]
[WhiteElo "2289"]
[BlackElo "2202"]
[WhiteFideId "20003943"]
[BlackFideId "30982677"]
[EventDate "2025.06.17"]

1. d4 Nf6 2. Nf3 e6 3. Nbd2 d5 4. e3 Be7 5. Bd3 O-O 6. Qe2 c5 7. c3 b6 8. e4
cxd4 9. cxd4 dxe4 10. Nxe4 Bb7 11. O-O Nxe4 12. Bxe4 Bxe4 13. Qxe4 Nd7 14. Be3
Nf6 15. Qd3 Rc8 16. Rac1 Qd5 17. a3 Bd6 18. h3 Qb7 19. Bg5 Nd5 20. Qe4 Rxc1 21.
Rxc1 Rc8 22. Re1 Qc7 23. g3 Qc2 24. Qg4 Qg6 25. Nh4 h5 26. Nxg6 hxg4 27. hxg4
fxg6 28. Rxe6 Bf8 29. f4 Kf7 30. Re5 Nf6 31. Kg2 Nxg4 32. Re2 Rc2 33. Rxc2 Ne3+
34. Kf3 Nxc2 35. Ke4 Be7 36. Kd5 Bxg5 37. fxg5 Ke7 38. Kc6 Nxd4+ 39. Kb7 Kd6 40.
Kxa7 Kc6 41. Ka6 Ne6 42. a4 Nc5+ 43. Ka7 Nxa4 44. Kb8 Nxb2 0-1

[Event "Titled Tue 17th Jun Late"]
[Site "chess.com INT"]
[Date "2025.06.17"]
[Round "11"]
[White "Shafer, Logan C"]
[Black "Distaso, Antonio Pio"]
[Result "1-0"]
[WhiteTitle "CM"]
[WhiteElo "2217"]
[BlackElo "2253"]
[WhiteFideId "30993342"]
[BlackFideId "805548"]
[EventDate "2025.06.17"]

1. e4 c5 2. Nf3 e6 3. d4 cxd4 4. Nxd4 Nc6 5. Nc3 Qc7 6. Be3 a6 7. g4 b5 8. Nxc6
Qxc6 9. Qd2 Bb7 10. O-O-O Rc8 11. Rg1 Bb4 12. Bd4 Nf6 13. Bg2 Qc7 14. g5 Nxe4
15. Bxe4 Bxe4 16. Bxg7 Rg8 17. Be5 Qc6 18. a3 Bxc3 19. Bxc3 a5 20. Qd4 d5 21.
Rd2 Qa6 22. Kb1 b4 23. axb4 axb4 24. Bxb4 Kd7 25. Qxe4 Ra8 26. Ba3 Rgb8 27.
Rxd5+ exd5 28. Qxd5+ Kc7 29. Qxf7+ Kb6 30. Rd1 1-0

[Event "Titled Tue 17th Jun Late"]
[Site "chess.com INT"]
[Date "2025.06.17"]
[Round "11"]
[White "Atoyan, Alberto"]
[Black "Bacus, Dharim"]
[Result "1-0"]
[WhiteTitle "CM"]
[BlackTitle "FM"]
[WhiteElo "2266"]
[BlackElo "2131"]
[WhiteFideId "13314831"]
[BlackFideId "5201527"]
[EventDate "2025.06.17"]

1. e4 e5 2. Nf3 Nc6 3. Nc3 Nf6 4. a3 d6 5. d4 exd4 6. Nxd4 Bd7 7. Be2 Be7 8. Be3
O-O 9. f3 a6 10. Qd2 b5 11. O-O Ne5 12. b3 Re8 13. Rad1 Bf8 14. h3 h6 15. f4 Nc6
16. Bf3 Nxd4 17. Bxd4 Bc6 18. Rde1 a5 19. Nd5 Nd7 20. Qf2 Bxd5 21. exd5 Rxe1 22.
Rxe1 b4 23. a4 Nc5 24. g4 Qd7 25. Qe2 f5 26. Kg2 Kf7 27. gxf5 Qxf5 28. Bg4 Qg6
29. f5 Qg5 30. Bxc5 Kg8 31. Qe6+ Kh8 32. Be3 Qh4 33. Bf2 Qg5 34. f6 h5 35. h4
Qg6 36. Qf5 Qxg4+ 37. Qxg4 hxg4 38. f7 Rd8 39. Re8 Rd7 40. Rxf8+ Kh7 41. Rh8+ 1-0

[Event "Titled Tue 17th Jun Late"]
[Site "chess.com INT"]
[Date "2025.06.17"]
[Round "11"]
[White "Sroczynski, Maciej"]
[Black "Rodrigues, Leonardo De Miranda"]
[Result "1/2-1/2"]
[WhiteTitle "FM"]
[WhiteElo "2236"]
[BlackElo "2111"]
[WhiteFideId "1121472"]
[BlackFideId "2108658"]
[EventDate "2025.06.17"]

1. Nf3 Nf6 2. d4 b6 3. c4 e6 4. a3 Bb7 5. Nc3 d5 6. Bg5 Be7 7. e3 Nbd7 8. Bd3
O-O 9. O-O dxc4 10. Bxc4 c5 11. Qe2 Rc8 12. Ba6 Qc7 13. Rac1 Bxa6 14. Qxa6 Rfe8
15. Bf4 Qc6 16. Rfd1 Nh5 17. Ne5 Nxe5 18. Bxe5 f6 19. Bg3 Nxg3 20. hxg3 cxd4 21.
Ne2 Qd7 22. Nxd4 Rxc1 23. Rxc1 e5 24. Nb5 Bc5 25. b4 Qd2 26. Rf1 Bxe3 27. Nc7
Bxf2+ 28. Rxf2 Qc1+ 29. Rf1 Qxc7 30. Rd1 h6 31. Qd3 Rc8 32. Qg6 Qf7 33. Qf5 Qc7
34. Rd7 Qc1+ 35. Kh2 Qg5 36. Rxg7+ Kxg7 37. Qxc8 Qh5+ 38. Kg1 Qd1+ 39. Kh2 Qh5+
40. Kg1 Qd1+ 41. Kh2 Qh5+ 1/2-1/2

[Event "Titled Tue 17th Jun Late"]
[Site "chess.com INT"]
[Date "2025.06.17"]
[Round "11"]
[White "Mecit, Emre"]
[Black "Sinkar, Anagha Aniket"]
[Result "1/2-1/2"]
[BlackTitle "WCM"]
[WhiteElo "2007"]
[BlackElo "1776"]
[WhiteFideId "6304214"]
[BlackFideId "30974780"]
[EventDate "2025.06.17"]

1. e4 c5 2. Nf3 Nc6 3. c3 d5 4. exd5 Qxd5 5. d4 g6 6. Be2 Bg7 7. c4 Qd8 8. d5
Nd4 9. O-O Nxe2+ 10. Qxe2 Nf6 11. Re1 Bf5 12. Nc3 Qd7 13. Bf4 O-O 14. Qxe7 Rfe8
15. Qxd7 Nxd7 16. Rxe8+ Rxe8 17. Re1 Rxe1+ 18. Nxe1 Nb6 19. Nb5 a6 20. Nd6 Nxc4
21. Nxf5 gxf5 22. b3 Nb6 23. d6 Kf8 24. Be3 Nd7 25. Nd3 Ke8 26. Nxc5 Nxc5 27.
Bxc5 Kd7 28. Kf1 Be5 29. Ke2 Bxd6 30. Bxd6 Kxd6 31. Kf3 Ke5 32. Ke3 b6 33. a3
f4+ 34. Kd3 Kd5 35. f3 f6 36. Kc3 Kc5 37. b4+ Kb5 38. Kb3 a5 39. a4+ Kc6 40. Kc4
h6 41. g3 fxg3 42. hxg3 h5 43. f4 f5 44. Kc3 Kd5 45. bxa5 bxa5 46. Kd3 Kc5 47.
Kc3 Kd5 48. Kd3 Kc5 49. Kc3 Kd5 1/2-1/2

[Event "Titled Tue 17th Jun Late"]
[Site "chess.com INT"]
[Date "2025.06.17"]
[Round "11"]
[White "Frischmann, Rick"]
[Black "Levano Loayza, Adriano Jaffet"]
[Result "1-0"]
[WhiteTitle "FM"]
[BlackTitle "CM"]
[WhiteElo "2355"]
[BlackElo "2023"]
[WhiteFideId "24660752"]
[BlackFideId "3865584"]
[EventDate "2025.06.17"]

1. e4 c5 2. Nf3 d6 3. Bb5+ Bd7 4. Bxd7+ Qxd7 5. c4 Nc6 6. d4 cxd4 7. Nxd4 g6 8.
Nc3 Bg7 9. Be3 Nf6 10. f3 O-O 11. O-O a6 12. Qd3 Rab8 13. Nxc6 Qxc6 14. a4 Rfc8
15. b3 Nd7 16. Nd5 Kf8 17. Rac1 e6 18. Nc3 Nc5 19. Qc2 Qb6 20. Rb1 Qc7 21. Rfd1
b6 22. Rd2 h5 23. Rbd1 Rd8 24. Bf4 Be5 25. Bg5 Rd7 26. f4 Bg7 27. f5 Kg8 28. f6
Bf8 29. Bf4 Qc6 30. b4 Nb7 31. Qd3 Rc8 32. b5 Qxc4 33. Qxc4 Rxc4 34. bxa6 Nc5
35. Nb5 Rxa4 36. Bxd6 Bxd6 37. Rxd6 Rxd6 38. Rxd6 Rxa6 39. Rd8+ Kh7 40. Nd6 Ra7
41. Rf8 e5 42. Nxf7 Ne6 43. Rh8# 1-0

[Event "Titled Tue 17th Jun Late"]
[Site "chess.com INT"]
[Date "2025.06.17"]
[Round "11"]
[White "Modric, Nesa"]
[Black "Einarsson, Halldor Gretar"]
[Result "0-1"]
[WhiteTitle "CM"]
[BlackTitle "FM"]
[WhiteElo "2088"]
[BlackElo "2177"]
[WhiteFideId "922579"]
[BlackFideId "2300150"]
[EventDate "2025.06.17"]

1. d4 Nf6 2. Bg5 c5 3. Bxf6 gxf6 4. d5 Qb6 5. Nd2 f5 6. e3 Qxb2 7. Ngf3 Bg7 8.
Rb1 Qf6 9. Bd3 d6 10. O-O b6 11. a4 Nd7 12. a5 Rb8 13. Bb5 O-O 14. Nc4 Ne5 15.
Nfxe5 dxe5 16. Bc6 Ba6 17. Bb5 bxa5 18. Bxa6 Qxa6 19. Qd3 e4 20. Qe2 Rb4 21.
Rxb4 cxb4 22. Re1 a4 23. g4 a3 24. gxf5 a2 25. d6 a1=Q 26. dxe7 Re8 27. Rxa1
Qxa1+ 28. Kg2 Qa6 29. Qg4 h5 30. Qg5 f6 31. Qxh5 Rxe7 32. Nd2 Qd6 33. Nf1 Qc5
34. Ng3 Qxc2 35. Qg6 b3 36. Nh5 Qc6 0-1